000 00472cam a22001577a 4500
008 180718b1983 xxu||||| |||| 00| 0 eng d
082 _aT In8/261-70
100 _aMazumdar, Dipak
245 _aSegmented labour market in LDC's
_cBy Dipak Mazumdar
260 _aWashington, D.C.
_bIBRD
_c1983
300 _a254-59p.
440 _aWorld Bank Reprint Series 267
500 _aReprinted from, `American Economic Review,' 73:2, May 1983
650 _aWages
700 _aIBRD
999 _c224956
_d224956